| 000 | 00746nam a2200217Ia 4500 | ||
|---|---|---|---|
| 003 | GCL | ||
| 008 | 140319s9999 xx 000 0 ara d | ||
| 040 |
_aGCL / _cGCL |
||
| 082 | 0 | 4 |
_a320.956 _bا ص |
| 100 | 1 | _aامين حامد هويدى | |
| 245 | 1 | 0 |
_aالصراع العربى الاسرائيلى بين الرادع التقليدى والرادع النووى / _cامين حامد هويدى |
| 260 |
_a[S.N] : _bدار المستقبل العربى ، _c1983 |
||
| 300 | _a248 ص | ||
| 490 | _a | ||
| 650 | 0 | 4 | _aالعالم العربى |
| 650 | 0 | 4 | _aالنزاع العربى الاسرائيلى |
| 650 | 0 | 4 | _aالشرق الاوسط |
| 650 | 0 | 4 | _aاسرائيل |
| 650 | 0 | 4 | _aالاسلحة الذرية |
| 942 |
_2ddc _cBK |
||
| 999 |
_c30554 _d30554 |
||